Teach yourself Visual Basic 6 / (Record no. 177138)

MARC details
000 -LEADER
fixed length control field 00665nam a2200205 4500
001 - CONTROL NUMBER
control field vtls001579760
003 - CONTROL NUMBER IDENTIFIER
control field MY-SjTCS
005 - DATE AND TIME OF LATEST TRANSACTION
control field 20200226121130.0
008 - FIXED-LENGTH DATA ELEMENTS--GENERAL INFORMATION
fixed length control field 110218 1998 00 eng
020 ## - INTERNATIONAL STANDARD BOOK NUMBER
International Standard Book Number 0078825563
039 #9 - LEVEL OF BIBLIOGRAPHIC CONTROL AND CODING DETAIL [OBSOLETE]
Level of rules in bibliographic description 201910031530
Level of effort used to assign nonsubject heading access points dianafitri
Level of effort used to assign subject headings 201102181238
Level of effort used to assign classification VLOAD
-- 200407271902
-- VLOAD
082 04 - DEWEY DECIMAL CLASSIFICATION NUMBER
Classification number 005.268
Item number WAR
100 1# - MAIN ENTRY--PERSONAL NAME
Personal name Warner, Scott L.
9 (RLIN) 5484
245 10 - TITLE STATEMENT
Title Teach yourself Visual Basic 6 /
Statement of responsibility, etc. Scott Warner
260 ## - PUBLICATION, DISTRIBUTION, ETC.
Place of publication, distribution, etc. Berkeley, Calif. :
Name of publisher, distributor, etc. Osborne/McGraw-Hill,
Date of publication, distribution, etc. c1998
300 ## - PHYSICAL DESCRIPTION
Extent xx, 458 p. ;
Dimensions 23 cm.
650 #0 - SUBJECT ADDED ENTRY--TOPICAL TERM
Topical term or geographic name entry element BASIC (Computer program language)
9 (RLIN) 7987
650 #0 - SUBJECT ADDED ENTRY--TOPICAL TERM
Topical term or geographic name entry element Microsoft Visual BASIC.
9 (RLIN) 81559
920 ## - Programme
Programme ADP : 92240, 92241
Holdings
Withdrawn status Lost status Source of classification or shelving scheme Damaged status Not for loan Collection code Home library Current library Date acquired Total Checkouts Barcode Date last seen Date last checked out Copy number Koha item type Public note
Withdrawn   Dewey Decimal Classification     Please fill up online form at https://taylorslibrary.taylors.edu.my/services/external_storage1 Taylor's Library-TU TU External Storage-LCS 27/07/2004   1000032126 12/12/2019 27/07/2004 1 Main Collection ADTP, 92241
Withdrawn   Dewey Decimal Classification     Please fill up online form at https://taylorslibrary.taylors.edu.my/services/external_storage1 Taylor's Library-TU TU External Storage-LCS 27/07/2004   1000032090 12/12/2019 27/07/2004 1 Main Collection ADTP, 92240